Classroom Discipline and Management

保存先:
書誌詳細
第一著者: Edwards, Clifford H.
フォーマット: 図書
言語:Undetermined
出版事項: New York John Wiley & Sons, Inc 2004
主題:
タグ: タグ追加
タグなし, このレコードへの初めてのタグを付けませんか!
Thư viện lưu trữ: Trung tâm Học liệu Trường Đại học Cần Thơ
LEADER 00581nam a2200205Ia 4500
001 CTU_88080
008 210402s9999 xx 000 0 und d
020 |c 50.39 
082 |a 371.102 
082 |b E26 
100 |a Edwards, Clifford H. 
245 0 |a Classroom Discipline and Management 
245 0 |c Clifford H. Edwards 
260 |a New York 
260 |b John Wiley & Sons, Inc 
260 |c 2004 
650 |a School discipline,Classroom management 
650 |z United States,United States 
904 |i Năm 
980 |a Trung tâm Học liệu Trường Đại học Cần Thơ